Echos et chants nouveaux / (Record no. 88612)

MARC details
000 -LEADER
campo de control de longitud fija 00448nam a2200157 i 4500
001 - NÚMERO DE CONTROL
campo de control 88612
003 - IDENTIFICADOR DE NÚMERO DE CONTROL
campo de control ES-MaACL
005 - FECHA Y HORA DE LA ÚLTIMA TRANSACCIÓN
campo de control 20230906175907.0
007 - CAMPO FIJO DE DESCRIPCIÓN FÍSICA--INFORMACIÓN GENERAL
campo de control de longitud fija t|
008 - DATOS DE LONGITUD FIJA--INFORMACIÓN GENERAL
campo de control de longitud fija 050105s1962 fr ||||1| fre d
100 1# - ENTRADA PRINCIPAL--NOMBRE DE PERSONA
Nombre de persona Lane-Schneider, Marjorie.
9 (RLIN) 69991
245 10 - MENCIÓN DEL TÍTULO
Título Echos et chants nouveaux /
Mención de responsabilidad, etc. Marjorie Lane-Schneider.
260 ## - PUBLICACIÓN, DISTRIBUCIÓN, ETC.
Lugar de publicación, distribución, etc. Paris :
Nombre del editor, distribuidor, etc. [s.n.,
Fecha de publicación, distribución, etc. 1962] (
Fabricante Durand)
300 ## - DESCRIPCIÓN FÍSICA
Extensión 86 p., 7 lám. ;
Dimensiones 25 cm.
852 ## - LOCALIZACIÓN
Ubicación ES-MaACL
Número de control de estantería C-22520
Sublocalización o colección R.51467
Holdings
Estatus retirado Estado de pérdida Estado de daño No para préstamo Biblioteca de origen Biblioteca actual Ubicación en estantería Fecha de adquisición Fuente de adquisición Total de préstamos Signatura topográfica completa Código de barras Visto por última vez Precio de reemplazo Tipo de ítem Koha
        Biblioteca del Ateneo de Madrid Biblioteca del Ateneo de Madrid Galería 17/01/2008     C-22520 1092561 23/02/2023 23/02/2023 Libro impreso